00671nam a2200229Ia 4500003000900000008004100009040001300050040001300063041000800076100002100084100001400105245003400119250000900153260002000162260000900182300001100191300001200202490000600214942000700220999001700227952019700244IT-RoPAU120407s9999 xx 000 0 und d aIT-RoPAU cIT-RoPAU aita aLuigi Volpicelli ca cura di aProblemi (i) della pedagogia. aRoma aArmando Armando c1963 a146 p. c19,5 cm v1 cBK c25866d25866 00102ddc406372_90000000000000071aPAULUSbPAULUSd2012-04-11l0o372.9r2012-04-11 00:00:00w2012-04-11yBKzInserito da: Jole In data: 27 settembre 2011 fondo: Via A.Severo 56 Progr:29885